|
|
|
|
| LEADER |
00748nam a2200229 a 4500 |
| 001 |
000480015 |
| 003 |
CZ BrMZK |
| 005 |
20100608095148.0 |
| 007 |
ta |
| 008 |
000105s1983 pl f f pol d |
| 040 |
|
|
|a BOA001
|b cze
|
| 080 |
|
|
|a 881.0-1(081)
|2 MRF
|
| 080 |
|
|
|a 881.0(081)
|2 MRF
|
| 100 |
1 |
|
|a Magnuszewski, Józef,
|d 1924-1994
|7 ola2003196345
|4 aut
|
| 245 |
1 |
0 |
|a Tropami folkloru i literatury :
|b studia slawistyczne /
|c Józef Magnuszewski
|
| 250 |
|
|
|a 1. wyd.
|
| 260 |
|
|
|a Warszawa :
|b Państwowe Wydawnictwo Naukowe,
|c 1983
|
| 300 |
|
|
|a 342 s., obr. příl.
|
| 504 |
|
|
|a Obsahuje bibliografii
|
| 910 |
|
|
|a BOA001
|b 2-0871.246
|
| 990 |
|
|
|a BK
|
| 996 |
7 |
|
|b 2619878519
|c 2-0871.246
|l MZK
|r Sklad / do 1 hodiny
|n 0
|w 000480015
|u 000010
|a 1
|e BOA001
|j MZK50
|s A
|